| 000 | 00580nam a2200205Ia 4500 | ||
|---|---|---|---|
| 003 | GCL | ||
| 008 | 140319s9999 xx 000 0 eng d | ||
| 040 |
_aGCL / _cGCL |
||
| 082 | 0 | 4 |
_aREF _b423.91 _bA E |
| 100 | 1 | _aAKHMANOVA,O.S | |
| 245 | 1 | 0 |
_aENGLISH -RUSSIAN DICTIONARY / _cAKHMANOVA,O.S |
| 700 | 1 | _aWILSON, ELIZABETH .A.M | |
| 250 | _a31 | ||
| 260 |
_aروسيا : _bRUSSKY YAZK PULISHERS ، _c1986 |
||
| 300 |
_a14 CM ؛ _c654 P. |
||
| 650 | 0 | 4 | _aDICTIONARIES |
| 650 | 0 | 4 | _aENGLISH LANGUAGE - DICTIONARIES |
| 650 | 0 | 4 | _aRUSSIAN LANGUAGE - DICTIONARY |
| 942 |
_2ddc _cREF |
||
| 999 |
_c26027 _d26027 |
||